La anáfora : (Record no. 189911)

MARC details
000 -LEADER
campo de control de longitud fija 00871nam a2200253 i 4500
001 - NÚMERO DE CONTROL
campo de control 189911
003 - IDENTIFICADOR DE NÚMERO DE CONTROL
campo de control SpMaBN
005 - FECHA Y HORA DE LA ÚLTIMA TRANSACCIÓN
campo de control 20250630063523.0
008 - DATOS DE LONGITUD FIJA--INFORMACIÓN GENERAL
campo de control de longitud fija 191226s1990 ck |||| | spa d
080 ## - NÚMERO DE LA CLASIFICACIÓN DECIMAL UNIVERSAL
Número de la Clasificación Decimal Universal 806-5
100 1# - ENTRADA PRINCIPAL--NOMBRE DE PERSONA
Nombre de persona Flórez, Óscar.
9 (RLIN) 169256
Término indicativo de función/relación Autor
245 13 - MENCIÓN DEL TÍTULO
Título La anáfora :
Resto del título una aproximación pragmática /
Mención de responsabilidad, etc. Óscar Flórez.
260 ## - PUBLICACIÓN, DISTRIBUCIÓN, ETC.
Lugar de publicación, distribución, etc. Bogotá :
Nombre del editor, distribuidor, etc. Instituto Caro y Cuervo,
Fecha de publicación, distribución, etc. 1990.
300 ## - DESCRIPCIÓN FÍSICA
Extensión 164 páginas ;
Dimensiones 25 cm.
490 1# - MENCIÓN DE SERIE
Mención de serie Cuadernos del Seminario Andrés Bello ;
Designación de volumen o secuencia 3
504 ## - NOTA DE BIBLIOGRAFÍA, ETC.
Nota de bibliografía, etc. Bibliografía: p. [157]-161.
650 #7 - PUNTO DE ACCESO ADICIONAL DE MATERIA--TÉRMINO DE MATERIA
Término de materia o nombre geográfico como elemento de entrada Anáfora.
9 (RLIN) 169257
710 2# - ENTRADA AGREGADA--NOMBRE DE ENTIDAD CORPORATIVA
Nombre de entidad corporativa o nombre de jurisdicción como elemento de entrada Instituto Caro y Cuervo.
9 (RLIN) 4806
Término indicativo de función/relación Editor
830 0# - PUNTO DE ACCESO ADICIONAL DE SERIE-TÍTULO UNIFORME
Título uniforme Cuadernos del Seminario Andrés Bello ;
Designación de volumen o secuencia 3
9 (RLIN) 193462
852 ## - LOCALIZACIÓN
Ubicación ES-MaACL
Ubicación en estantería Depósito 2
Donativo/Legado Donat. herederos José Prat
Número de control de estantería L-32494
942 ## - ELEMENTOS DE ENTRADA SECUNDARIOS (KOHA)
Fuente del sistema de clasificación o colocación Clasificación decimal universal
Tipo de ítem Koha Libro impreso
Suprimir en OPAC No
Holdings
Estatus retirado Estado de pérdida Estado de daño No para préstamo Biblioteca de origen Biblioteca actual Ubicación en estantería Fecha de adquisición Fuente de adquisición Total de préstamos Signatura topográfica completa Código de barras Visto por última vez Precio de reemplazo Tipo de ítem Koha
        Biblioteca del Ateneo de Madrid Biblioteca del Ateneo de Madrid Depósito 2 26/12/2019     L-32494 1201445 23/02/2023 23/02/2023 Libro impreso